LEADER 01888nam a2200409 u 4500 001 000000107801 003 CaOOAMICUS 005 20071023130742.0 008 071023s2004 it u000 u ita u 020 $a88-452-0305-0 040 $aPUL$bita$dLDB 041 0 $aita$alat$hlat 100 0 $aIohannes PP.$bXXI,$d1226-1277.$0(OLS)http://pul/name/13041 245 10$aTrattato di logica :$bsummule logicales /$cPietro Ispano ; introduzione, traduzione, note e apparati di Augusto Ponzio. 260 $aMilano :$bBompiani,$c2004. 300 $axliv, 674 p. ;$c21 cm. 490 1 $aBompiani testi a fronte ;$v086 504 $aInclude riferimenti bibliografici. 546 $aTesto latino a fronte. 700 1 $aPonzio, Augusto,$d1942-$0(OLS)http://pul/name/38566 700 0 $aIohannes PP.$bXXI,$d1226-1277.$tSummulae logicales.$0(OLS)http://pul/nameTitle/614$0(OLS)http://pul/name/13041$0(OLS)http://pul/title/85201 830 0$aBompiani testi a fronte ;$v086.$0(OLS)http://pul/title/87343 850 $aPUL 852 $aPUL$W1$xSL Filosofia 2$y80$mPhil A2 2.86$j122599$qStampati Altre Collocazioni$B121581$CPULBib$Z2$F121581 $H105228 $82 900 $aGiovanni$bXXI,$cpapa,$d1226-1277$913041 900 $aPietro Ispano,$d1226-1277$913041 900 $aPapi (1276-1277 : Iohannes PP. XXI)$913041 900 $aGiovanni$bXXI,$cpapa,$d1226-1277$913041 900 $aPietro Ispano,$d1226-1277$913041 900 $aPapi (1276-1277 : Iohannes PP. XXI)$913041 910 $aPietro di Giuliano,$d1226-1277$913041 910 $aPietro di Giuliano,$d1226-1277$913041 941 1 $a10 983 0$aTesti a fronte (Bompiani) 996 $6020$a88-452-0305-0$9(OLS)http://pul/number/136030 996 $6245$aTrattato di logica :$bsummule logicales$9(OLS)http://pul/title/135742 996 $6260$aMilano :$bBompiani$9(OLS)http://pul/publisher/48240 LEADER 01128nam a2200289 a 4500 001 000000124527 003 CaOOAMICUS 005 20110304111302.0 008 110304s2010 it u000 u ita r 020 $a978-88-348-1498-7 040 $aPUL$bita 082 04$a344.45 100 1 $aDi Rosa, Giovanni,$d1967-$0(OLS)http://pul/name/71518 245 10$aBiodiritto :$bitinerari di ricerca /$cGiovanni Di Rosa. 250 $aSeconda edizione 260 $aTorino :$bG. Giappichelli,$cİ2010. 300 $axv, 221 p. ;$c24 cm 504 $aBibliografia in nota. 650 4$aBioetica$xDiritto.$0(OLS)http://pul/subject/34224 850 $aPUL 852 $aPUL$W1$xSL Diritto e Scienze Sociali 3$y79$m344. 45 DIRGI 1$j143407$b $qDDC 21$B142438$CPULBib$Z2$F142438 $H116354 $81 941 1 $a9 996 $6020$a978-88-348-1498-7$9(OLS)http://pul/number/146560 996 $6082$a344.45$9(OLS)http://pul/classification/416 996 $6245$aBiodiritto :$bitinerari di ricerca$9(OLS)http://pul/title/145056 996 $6260$aTorino :$bG. Giappichelli$9(OLS)http://pul/publisher/49130